| 000 | 01123nmc a2200373 a 4500 | ||
|---|---|---|---|
| 003 | AR-BaBNM | ||
| 005 | 20251128210212.0 | ||
| 008 | 011101s1999 ||||||||||||||000 | spa|| | ||
| 020 | _a950-687-050-0 | ||
| 040 | _cAR-BaBNM | ||
| 100 | 1 | _aLiascovich, Rosa | |
| 245 | 1 | 0 | _aGenética |
| 250 | _a1ª ed. | ||
| 260 |
_aBuenos Aires _bConicet _c1999 |
||
| 300 |
_a239 p. _bil. |
||
| 490 | 0 | _aProciencia Conicet | |
| 500 | _aEste material forma parte del Proyecto de Biología | ||
| 504 | _aBibliografía p. 237-239 | ||
| 650 | 4 | _aGENETICA | |
| 650 | 4 | _aGENES | |
| 650 | 4 | _aCROMOSOMAS | |
| 650 | 4 | _aBIOLOGIA CELULAR | |
| 650 | 4 | _aMUTACION | |
| 650 | 4 | _aCELULAS | |
| 650 | 4 | _aACTIVIDADES DE APRENDIZAJE | |
| 700 | 1 |
_aDain, Liliana _ecolaborador |
|
| 700 | 1 |
_aRozental, Sandra _ecolaborador |
|
| 700 | 1 |
_aFlores, Graciela _ecolaborador |
|
| 700 | 1 |
_aSchnek, Adriana Patricia _ecolaborador |
|
| 710 |
_aConsejo Nacional de Investigaciones Científicas y Técnicas [Argentina] _9CONICET _bPrograma Prociencia |
||
| 710 | 2 |
_aArgentina _bMinisterio de Cultura y Educación |
|
| 942 | _cBK | ||
| 998 | _cCarmen | ||
| 999 |
_c14485 _d14485 |
||